Normal view
MARC view
- الضاري، حارث سليمان ؛ تقديم: عمر سليمان الأشقر
Entry Personal Name
001 - CONTROL NUMBER
- control field: 56885
003 - CONTROL NUMBER IDENTIFIER
- control field: JO-AjAnu
005 - DATE AND TIME OF LATEST TRANSACTION
- control field: 20230606083323.0
008 - FIXED-LENGTH DATA ELEMENTS
- fixed length control field: 230606|| aca||aabn | a|a d
040 ## - CATALOGING SOURCE
- Original cataloging agency: JO-AjAnu
- Transcribing agency: JO-AjAnu
100 ## - HEADING--PERSONAL NAME
- Personal name: الضاري، حارث سليمان ؛ تقديم: عمر سليمان الأشقر
670 ## - SOURCE DATA FOUND
- Source citation: Work cat.: (JO-AjAnu)29027: الضاري، حارث سليمان ؛ تقديم: عمر سليمان الأشقر, author, أبو هريرة صاحب الرسول صلى الله عليه وسلم وخادمه:دراسة حديثية تاريخيه هادفة